<?xml version="1.0" encoding="UTF-8"?>
<collection xmlns="http://www.loc.gov/MARC21/slim">
<record>
  <controlfield tag="001">110230</controlfield>
  <controlfield tag="005">20220210105259.0</controlfield>
  <datafield tag="037" ind1=" " ind2=" ">
    <subfield code="a">TAZ-TFG-2021-3415</subfield>
  </datafield>
  <datafield tag="041" ind1=" " ind2=" ">
    <subfield code="a">spa</subfield>
  </datafield>
  <datafield tag="100" ind1="1" ind2=" ">
    <subfield code="a">Ponce Urgilez, María Inés</subfield>
  </datafield>
  <datafield tag="242" ind1="0" ind2="0">
    <subfield code="a">Karst bauxites developed on Lower Cretaceous materials.</subfield>
  </datafield>
  <datafield tag="245" ind1="0" ind2="0">
    <subfield code="a">Bauxitas Karsticas desarrolladas en materiales del Cretácico Inferior.</subfield>
  </datafield>
  <datafield tag="260" ind1=" " ind2=" ">
    <subfield code="a">Zaragoza</subfield>
    <subfield code="b">Universidad de Zaragoza</subfield>
    <subfield code="c">2021</subfield>
  </datafield>
  <datafield tag="506" ind1=" " ind2=" ">
    <subfield code="a">by-nc-sa</subfield>
    <subfield code="b">Creative Commons</subfield>
    <subfield code="c">3.0</subfield>
    <subfield code="u">http://creativecommons.org/licenses/by-nc-sa/3.0/</subfield>
  </datafield>
  <datafield tag="520" ind1=" " ind2=" ">
    <subfield code="a">Este trabajo consiste en un estudio mineralógico de las bauxitas kársticas del yacimiento de Font de la Forradella, en las sierras marginales subpirenaicas del Pirineo catalán, cerca de Rubió del Mig (Lérida). Este depósito ha sido extraído con cierta continuidad hasta 1987 en una mina a cielo abierto ubicada en el barranco de Font de la Forradella Forradella. Las muestras proceden de la ruptura sedimentaria entre la formación Jurásico Dogger y el Santoniense del Cretácico Inferior. La génesis de las bauxitas se explica por la meteorización de los sedimentos arcillosos debido a la existencia de un drenaje kárstico vertical en un clima húmedo y caluroso. &lt;br />El objetivo del estudio es la caracterización mineralógica y textual del depósito con el objetivo de conocer las condiciones en las que se formó. Para esto se han utilizado técnicas de laboratorio como: descripción visual, difracción de rayos X (XRD), microscopía óptica y microscopía electrónica de barrido por emisión de campo (FESEM), para caracterizar las muestras tanto mineralógica como texturalmente con para determinar la génesis de los minerales .&lt;br />&lt;br /></subfield>
  </datafield>
  <datafield tag="521" ind1=" " ind2=" ">
    <subfield code="a">Graduado en Geología</subfield>
  </datafield>
  <datafield tag="540" ind1=" " ind2=" ">
    <subfield code="a">Derechos regulados por licencia Creative Commons</subfield>
  </datafield>
  <datafield tag="700" ind1=" " ind2=" ">
    <subfield code="a">Bauluz Lázaro, Blanca </subfield>
    <subfield code="e">dir.</subfield>
  </datafield>
  <datafield tag="700" ind1=" " ind2=" ">
    <subfield code="a">Yuste Oliete, Alfonso</subfield>
    <subfield code="e">dir.</subfield>
  </datafield>
  <datafield tag="710" ind1="2" ind2=" ">
    <subfield code="a">Universidad de Zaragoza</subfield>
    <subfield code="b">Ciencias de la Tierra</subfield>
    <subfield code="c">Cristalografía y Mineralogía</subfield>
  </datafield>
  <datafield tag="856" ind1="0" ind2=" ">
    <subfield code="f">691828@unizar.es</subfield>
  </datafield>
  <datafield tag="856" ind1="4" ind2=" ">
    <subfield code="s">3491002</subfield>
    <subfield code="u">http://zaguan.unizar.es/record/110230/files/TAZ-TFG-2021-3415.pdf</subfield>
    <subfield code="y">Memoria (spa)</subfield>
  </datafield>
  <datafield tag="909" ind1="C" ind2="O">
    <subfield code="o">oai:zaguan.unizar.es:110230</subfield>
    <subfield code="p">driver</subfield>
    <subfield code="p">trabajos-fin-grado</subfield>
  </datafield>
  <datafield tag="950" ind1=" " ind2=" ">
    <subfield code="a"></subfield>
  </datafield>
  <datafield tag="980" ind1=" " ind2=" ">
    <subfield code="a">TAZ</subfield>
    <subfield code="b">TFG</subfield>
    <subfield code="c">CIEN</subfield>
  </datafield>
  <datafield tag="999" ind1=" " ind2=" ">
    <subfield code="a">20210908201941.CREATION_DATE</subfield>
  </datafield>
  <datafield tag="951" ind1=" " ind2=" ">
    <subfield code="a">deposita:2022-02-10</subfield>
  </datafield>
</record>
</collection>